书目信息 |
| 题名: |
儒家智慧一点通
|
|
| 作者: | 孔鲱 编著 | |
| 分册: | ||
| 出版信息: | 北京 外文出版社 2011.06 |
|
| 页数: | 227页 | |
| 开本: | 24cm | |
| 丛书名: | ||
| 单 册: | ||
| 中图分类: | B222.02 | |
| 科图分类: | ||
| 主题词: | 儒家--人生哲学--通俗读物 , 儒家 , 人生哲学 | |
| 电子资源: | ||
| ISBN: | 978-7-119-06956-2 | |
| 000 | 00833nam0 2200253 45 | |
| 001 | 1237534466 | |
| 005 | 20120618083433.92 | |
| 010 | @a978-7-119-06956-2@dCNY29.80 | |
| 100 | @a20110712d2011 em y0chiy50 ea | |
| 101 | 0 | @achi |
| 102 | @aCN@b110000 | |
| 105 | @ay z 000yy | |
| 106 | @ar | |
| 200 | 1 | @a儒家智慧一点通@ARu Jia Zhi Hui Yi Dian Tong@e以仁修身@EYi Ren Xiu Shen@f孔鲱编著@FKong Fei Bian Zhu |
| 210 | @a北京@c外文出版社@d2011.06 | |
| 215 | @a227页@d24cm | |
| 330 | @a本书分为34章,主要内容包括:孔子的精神;《周易》中的屈伸之道;戴震的坦然生死观;孔子的仁爱之心;人生当三戒;修身是一生的功课等。 | |
| 606 | 0 | @a儒家@x人生哲学@j通俗读物 |
| 606 | 0 | @a儒家 |
| 606 | 0 | @a人生哲学 |
| 690 | @aB222.02@v4 | |
| 701 | 0 | @a孔鲱@AKong Fei@4编著 |
| 801 | 0 | @aCN@bTSTCL@c20120604 |
| 905 | @b0816300-03@dB222.02@e413@f4 | |
| 儒家智慧一点通:以仁修身/孔鲱编著.-北京:外文出版社,2011.06 |
| 227页;24cm |
| ISBN 978-7-119-06956-2:CNY29.80 |
| 本书分为34章,主要内容包括:孔子的精神;《周易》中的屈伸之道;戴震的坦然生死观;孔子的仁爱之心;人生当三戒;修身是一生的功课等。 |
| ● |
| 相关链接 |
|
|
|
|
正题名:儒家智慧一点通
索取号:B222.02/413
 
预约/预借
| 序号 | 登录号 | 条形码 | 馆藏地/架位号 | 状态 | 备注 |
| 1 | 0816300 | 208163002 | 第一样本阅览室/ [索取号:B222.02/413] | 在馆 | |
| 2 | 0816301 | 208163011 | 第一借阅区/ [索取号:B222.02/413] | 在馆 | |
| 3 | 0816302 | 208163020 | 第一借阅区/ [索取号:B222.02/413] | 在馆 | |
| 4 | 0816303 | 208163039 | 第一借阅区/ [索取号:B222.02/413] | 在馆 |